| 000 | 01355cad a22002295a 4500 | ||
|---|---|---|---|
| 001 | L140808 | ||
| 008 | 071012e20071010xxka f s 000 0 eng d | ||
| 020 | _a1905257120 | ||
| 035 | _a(Sirsi) u140808 | ||
| 041 | 0 | _aeng | |
| 050 | 0 | 4 | _a333.3320973 $2 18 |
| 100 | 1 | _aDownie, Mary-Lou | |
| 245 | 0 | 0 |
_aAutomated valuation models _ban international perspective _h[electronic resource] |
| 260 |
_aLondon _bCML _c2007 |
||
| 520 | _aResearch paper investigates how automated valuation models (AVMs) are being used in other countries. Seeks to identify indicators of possible future development within the UK. Finds that patterns of their use across the world are complex and patchy. Although they are well-established in only three countries, worldwide usage is clearly increasing. This growth is driven by competition in the lending industry, together with time and cost pressures. AVMs have not yet been tested in a falling housing market. Innovations of their use include the integration of valuation, credit and capacity data and decision rules in electronic decision-making platforms. | ||
| 590 | _aKA | ||
| 651 | 4 |
_aEngland and Wales _y1543- |
|
| 690 | _aPROPERTY-PROPERTY APPRAISAL AND VALUATION | ||
| 700 | 1 | _aRobson, Gill | |
| 856 | 4 | 0 |
_uhttps://www.cml.org.uk/cml/media/press/1336 _zView the item free of charge at www.cml.org.uk... |
| 942 | _n0 | ||
| 999 |
_c107542 _d107542 |
||